| 000 | 00870nam a22002777a 4500 | ||
|---|---|---|---|
| 001 | BR6008686 | ||
| 003 | BR-BrBNA | ||
| 005 | 20230928083312.0 | ||
| 007 | ta | ||
| 008 | 230509b bl.||||| |||| 00| 0 por d | ||
| 040 |
_aBR-BrBNA _bpor _cBiblioteca Nacional de Agricultura |
||
| 041 | _a(Por) | ||
| 072 | _aE10; E50 | ||
| 090 | _ E10 BR6008686 | ||
| 100 | 1 | _aRobleda Panchame, G. | |
| 110 | 1 |
_aUniversidade Federal de Vicosa, MG (Brasil) _0Tese (Magister Scientiae) |
|
| 245 | 1 | _aFatores comunitarios que afetam a participacao camponesa na realizacao da reforma agraria hondurenha, nos anos 1972 - 1974 | |
| 260 | 3 |
_aVicosa, MG (Brasil): _c1977. |
|
| 300 | _a105 p. | ||
| 500 | _a53 tables; 26 ref.; Summary (Por) | ||
| 650 | _aReforma agraria | ||
| 650 | _aComunidade rural | ||
| 650 | _aHonduras | ||
| 909 |
_a202309 _bLucia _c55 _dLucia Elande |
||
| 942 | _cBK | ||
| 999 |
_c12681 _d12681 |
||